اكتمل التصدير — 

The Reuse of Tombs in Eastern Arabia

محفوظ في:

المؤلف الرئيسي: Dr Stephanie Döpper

التنسيق: كتاب

اللغة: Undetermined

الوصول للمادة أونلاين: Login to view Source

الوسوم: إضافة وسم

لا توجد وسوم, كن أول من يضع وسما على هذه التسجيلة!

رقم الطلب:

LEADER 00449nmm a2200133Ia 4500
008 240716s9999||||xx |||||||||||||||||und||
020 |a 9781803274973 
020 |a 9781803274980 
100 |a Dr Stephanie Döpper 
245 1 4 |a The Reuse of Tombs in Eastern Arabia  |c Dr Stephanie Döpper 
264 |b Archaeopress Archaeology  |c 26-أكتوبر-23 
856 4 0 |u http://library.arce.org:8087/Archaeopress/Products/9781803274973 
942 |2 lcc  |c EBOOK 
999 |c 58999  |d 58999